Catálogo público

Principles of Plant Genetics and Breeding / George Acquaah (Record no. 217238)

MARC details
000 -CABECERA
campo de control de longitud fija 00696nam a2200229Ia 4500
001 - NÚMERO DE CONTROL
campo de control Para_9847
008 - DATOS DE LONGITUD FIJA--INFORMACIÓN GENERAL
campo de control de longitud fija 220602s9999 xx 000 0 und d
020 ## - NÚMERO INTERNACIONAL ESTÁNDAR DEL LIBRO
Número Internacional Estándar del Libro 978 - 0 - 470 - 66476 - 6
082 ## - NÚMERO DE LA CLASIFICACIÓN DECIMAL DEWEY
Número de clasificación PA 531.523 A27
100 ## - ENTRADA PRINCIPAL--NOMBRE DE PERSONA
Nombre de persona Acquaah, George
9 (RLIN) 185065
245 ## - MENCIÓN DE TÍTULO
Título Principles of Plant Genetics and Breeding / George Acquaah
250 ## - MENCIÓN DE EDICIÓN
Mención de edición 2
260 ## - PUBLICACIÓN, DISTRIBUCIÓN, ETC.
Lugar de publicación, distribución, etc. Chichester : Wiley-Blackwell
300 ## - DESCRIPCIÓN FÍSICA
Extensión 740 p.
500 ## - NOTA GENERAL
Nota general incluye referencias bibliográficas e índice
650 ## - PUNTO DE ACCESO ADICIONAL DE MATERIA--TÉRMINO DE MATERIA
Término de materia o nombre geográfico como elemento de entrada Genetica vegetal \ Plantas - mejoramiento Ì
9 (RLIN) 185066
901 ## - ELEMENTOS DE DATOS A LOCAL LDA (RLIN)
a PA 531.523 A27
902 ## - ELEMENTOS DE DATOS B LOCAL, LDB (RLIN)
a M
905 ## - ELEMENTOS DE DATOS E LOCAL, LDE (RLIN)
a 5232202012 an 8000000300 06
942 ## - ELEMENTOS DE PUNTO DE ACCESO ADICIONAL (KOHA)
Tipo de ítem Koha Libro_
Holdings
Estado de retiro Estado de pérdida Fuente del sistema de clasificación o colocación Estado dañado Restricciones de uso No para préstamo Código de colección Localización permanente Ubicación/localización actual Fecha de adquisición Número de inventario Total de préstamos Signatura topográfica completa Código de barras Fecha visto por última vez Número de copia Precio válido a partir de Tipo de ítem Koha Nota pública
    Dewey Decimal Classification   Préstamo 3 días   General Parasitologia Agricola Parasitologia Agricola 28/05/2013 (PA_09956) (No. UACh C/E)   PA 531.523 A27 4102000171 02/06/2022 Ej.1 02/06/2022 Libro 3